[Event "Selfoss Chess Festival 2019"]
[Site "Selfoss"]
[Date "2019.11.21"]
[Round "3.1"]
[White "Saduakassova, Dinara"]
[Black "Gretarsson, Helgi Ass"]
[Result "1-0"]
[WhiteElo "2505"]
[BlackElo "2415"]
[Annotator "TA"]
[PlyCount "137"]
[EventDate "2019.11.19"]
[EventType "tourn"]
[EventCountry "ISL"]
[SourceTitle "playchess.com"]
[Source "ChessBase"]
[SourceQuality "1"]

{[%evp 11,137,22,47,45,43,53,98,89,88,16,85,22,64,74,69,75,68,52,75,77,63,70,112,111,105,111,111,112,113,115,123,127,119,109,113,116,121,114,121,109,128,118,117,102,143,103,181,37,159,157,176,102,120,120,132,85,112,111,124,122,137,108,152,151,183,173,205,205,212,218,256,239,269,257,243,228,209,211,216,215,219,214,250,244,564,559,599,560,599,564,1230,1189,1161,1137,1060,1050,879,703,5361,2593,29971,29972,29972,29972,29977,29973,29972,29974,29975,29976,29974,29975,29980,29976,29975,29975,29975,29976,29978,29979,29982,29983,29983,29984,29984,29985,29986,29987]} 1. e4 e5 2. Nf3 Nc6 3. Bb5 a6 4. Ba4 d6 5. O-O Bd7 6. c4 g6 7. d4 {C72: Ruy Lopez: Deferred Steinitz: 5 0-0} exd4 8. Bxc6 bxc6 (8... Bxc6 9. Qxd4 Qf6 10. e5 dxe5 11. Nxe5 Bg7 12. Re1 Ne7 13. Nxc6 bxc6 14. Qe4 O-O-O {0-1 (77) Nepomniachtchi,I (2721)-Mamedyarov,S (2757) Beijing 2013}) 9. Qxd4 {White is better.} f6 10. b3 (10. c5 $1 $16) 10... Nh6 (10... c5 $11 {keeps the balance.} 11. Qd2 Ne7) 11. Nc3 $146 (11. c5 $16) ({Predecessor:} 11. Bb2 Bg7 12. Nbd2 c5 13. Qc3 O-O 14. Ne1 Rf7 {½-½ (60) Gubarev,V (2199)-Grachev,J (2371) Novosibirsk 2003}) 11... Nf7 12. c5 dxc5 13. Qe3 Bd6 14. Ba3 Qe7 15. Na4 c4 16. Bxd6 Nxd6 17. e5 fxe5 18. Nxe5 O-O 19. Nc5 ({Much worse is} 19. bxc4 $6 Rae8 $11) 19... Bf5 20. Nxc4 ({Reject} 20. bxc4 $6 Ne4 $14) 20... Rfe8 21. Qxe7 Rxe7 22. Ne3 Be4 23. Rfe1 Kf7 24. f3 Bd5 25. Kf2 a5 26. Rad1 Rae8 27. h4 Re5 28. Na6 Nb5 {[#]} (28... R5e7 $16 {might work better.} 29. Nxd5 {[%mdl 64] Discovered Attack} Rxe1 30. Rxe1 Rxe1 31. Kxe1 cxd5) 29. Rc1 (29. a4 $1 $18 {[%cal Ra4b5]} Nc3 30. Rd3) 29... R8e7 (29... Ra8 $1 $14 30. Nc5 Rae8) 30. Nc5 $16 Re8 31. Nb7 (31. Nd3 $18 R5e7 32. Rc5) 31... Ra8 32. Nxd5 Rxd5 33. Rxc6 Rd2+ 34. Kg3 Ra7 35. a4 Rxb7 36. axb5 {[%mdl 4096] Endgame KRR-KRR} Rd6 37. Rc5 Rdb6 38. Ree5 Kf6 39. Kf4 Rd6 40. g4 Rd3 41. Rc6+ Kf7 42. Rec5 Rd7 43. h5 gxh5 44. Rxh5 Kg8 45. Rg5+ Kf8 46. Rf5+ Kg7 47. Rfc5 Rf7+ $2 (47... Kg8 48. Ke5 Rd3) 48. Kg3 $18 Rd7 49. f4 Rd3+ {[#]} 50. Kh4 $1 Rxb3 51. Rxc7+ Rxc7 52. Rxc7+ {KR-KR} Kg8 53. Rb7 a4 54. Kg5 Rb4 55. f5 {Threatening mate with Kf6.} h6+ 56. Kh5 {White mates.} Kf8 57. Ra7 Kg8 58. b6 Rxb6 59. Rxa4 Rd6 60. Ra7 Rb6 61. Re7 Rb4 62. Re6 Kg7 63. Rg6+ Kf7 64. Rxh6 Rb1 65. Kg5 Rg1 66. Rh7+ Kg8 67. Ra7 Rg2 68. f6 Kf8 69. Kf5 {Accuracy: White = 78%, Black = 30%.} 1-0

[Event "Selfoss Chess Festival 2019"]
[Site "Selfoss"]
[Date "2019.11.21"]
[Round "3.2"]
[White "Stefansson, Hannes"]
[Black "Adly, Ahmed"]
[Result "1-0"]
[WhiteElo "2546"]
[BlackElo "2607"]
[Annotator "TA"]
[PlyCount "133"]
[EventDate "2019.11.19"]
[EventType "tourn"]
[EventCountry "ISL"]
[SourceTitle "playchess.com"]
[Source "ChessBase"]
[SourceQuality "1"]

{[%evp 15,133,18,44,19,34,34,58,54,45,46,30,30,40,33,50,33,35,25,31,20,51,48,36,25,62,66,57,47,101,126,125,133,143,136,224,229,289,291,331,337,317,283,506,527,506,508,619,622,613,618,613,608,596,595,579,555,975,842,720,693,2614,2017,1251,1064,5376,5334,4542,2949,5073,5073,5600,5422,6167,6087,5834,5767,6352,6123,3726,1388,929,807,5190,11540,29958,29960,29970,29971,29971,29972,29973,29975,29975,29976,29978,29976,29976,29977,29977,29978,29978,29979,29980,29980,29982,29978,29984,29985,29986,29985,29987,29987,29989,29990,29991,29992,29992,29993,29993,29994]} 1. d4 Nf6 2. c4 e6 3. Nf3 Bb4+ 4. Bd2 c5 5. Bxb4 cxb4 6. g3 b6 7. Bg2 Bb7 8. O-O O-O 9. Qd3 {E16: Queen's Indian: 4 g3 Bb7 5 Bg2 Bb4+} Be4 (9... d6 10. a3 bxa3 11. Nxa3 Nc6 12. Nb5 a5 13. Qe3 Ba6 14. Na3 Rc8 15. Rfd1 Nb4 16. Rac1 Na2 17. Ra1 Nb4 18. Rac1 Na2 19. Ra1 Nb4 20. Rac1 {½-½ (20) Maghsoodloo,P (2673)-Amin,B (2709) Astana 2019}) 10. Qb3 Nc6 11. Nbd2 {White is slightly better.} d5 12. e3 dxc4 13. Qxc4 Bd5 14. Qd3 {Black must now prevent e4.} Na5 {[#]} 15. e4 $146 ({Predecessor:} 15. Qb5 Qe7 16. Ne5 Rad8 {1-0 (74) Lafuente,P (2587)-Romanishin,O (2519) Heviz 2010}) 15... Bb7 16. Ne5 Qe7 17. Rac1 Rad8 18. Rfd1 $36 {[%mdl 2048] Black is under pressure.} Nd7 {Threatens to win with ...Nxe5.} 19. Nxd7 Rxd7 20. Nf1 Rfd8 21. d5 g6 (21... f5 $14) 22. Ne3 $16 exd5 23. exd5 (23. Nxd5 Bxd5 24. exd5 Qf6) 23... h5 24. Qb5 b3 (24... Ba8 $16 {might work better.} 25. b3 Nb7) 25. axb3 $18 {[%cal Ba2b3,Bb3b4][%mdl 32]} Qf6 26. Qa4 Ba8 27. b4 Nb7 28. Qxa7 Na5 $2 (28... Nd6 29. Qxb6 Qxb2) 29. Rc7 {[%cal Bc1c7,Bc7d7,Bd7d6][%mdl 32]} Nc6 30. Qxb6 {[%mdl 64] [#] aiming for Rxd7. Pin} ({Worse is} 30. Rxd7 Nxa7 31. Rxa7 Qxb2 $11) ({Not} 30. dxc6 Rxd1+ 31. Nf1 b5 $16) 30... Rb8 31. Rxd7 Rxb6 32. dxc6 Bxc6 33. R7d6 Qxb2 {If Black can now play ...Bxg2 this consolidates a bit.} 34. Nc4 {[%mdl 64] [#] Double Attack} Qxb4 35. Nxb6 ({Weaker is} 35. Bxc6 Qxc4 36. Bf3 Rxd6 $17) 35... Bxg2 36. Kxg2 Qe4+ 37. Kg1 h4 {and the idea ...h3 leaves Black hopeful.} 38. Nd5 {Intending Nf6+ and mate.} Kg7 39. Ne3 h3 40. R6d4 Qe6 41. Rc1 Qe7 42. Rh4 Qd7 43. g4 Qd2 44. Rd1 Qb4 45. Rxh3 Qe4 46. Rg3 Kf8 47. Ng2 Qa4 48. Re1 Qb4 49. h3 Qd4 50. Rge3 {White mates.} Kg7 51. Re7 Qd3 52. R1e3 Qd1+ 53. Kh2 Qd6+ 54. f4 g5 55. R7e5 gxf4 56. Rg5+ Kh6 57. Rh5+ Kg7 58. Rf3 Qd2 59. Rxf4 f6 60. Rhf5 Qc2 61. Rxf6 Qb2 62. h4 Kh7 63. Kh3 Qc3+ 64. Rf3 Qc1 65. Rf7+ Kg8 66. Rf8+ Kg7 67. R3f7+ {Accuracy: White = 78%, Black = 30%.} 1-0

[Event "Selfoss Chess Festival 2019"]
[Site "Selfoss"]
[Date "2019.11.21"]
[Round "3.3"]
[White "Zhigalko, Sergei"]
[Black "Antipov, Mikhail Al."]
[Result "1/2-1/2"]
[WhiteElo "2574"]
[BlackElo "2558"]
[Annotator "TA"]
[PlyCount "47"]
[EventDate "2019.11.19"]
[EventType "tourn"]
[EventCountry "ISL"]
[SourceTitle "playchess.com"]
[Source "ChessBase"]
[SourceQuality "1"]

{[%evp 20,47,0,0,0,0,-2,-13,-14,-18,-13,-26,-25,-34,-19,-26,-40,-35,0,0,8,-40,0,0,0,0,0,0,0,-1]} 1. e4 e5 2. Nf3 Nc6 3. Bb5 Nf6 4. O-O Nxe4 5. d4 Nd6 6. Bxc6 dxc6 7. dxe5 Nf5 8. Qxd8+ Kxd8 9. Nc3 Bd7 10. h3 h6 11. b3 b6 {C67: Ruy Lopez: Berlin Defence: 4 0-0 Nxe4} 12. Bb2 Kc8 13. Rfd1 Ne7 14. a4 a5 15. Rd2 c5 16. Ne2 Ng6 {[#]} 17. c4 $146 ({Predecessor:} 17. Rad1 Be6 18. c4 Be7 {0-1 (41) Grischuk,A (2764)-Kramnik,V (2810) London 2013}) 17... Bc6 18. Nh2 Be7 19. f4 Nh4 20. g3 Nf5 21. g4 {The position is equal.} Nh4 22. Nc3 Kb7 23. Nd5 Rae8 24. Nxe7 {Accuracy: White = 68%, Black = 83%.} 1/2-1/2

[Event "Selfoss Chess Festival 2019"]
[Site "Selfoss"]
[Date "2019.11.21"]
[Round "3.4"]
[White "Steingrimsson, Hedinn"]
[Black "Lomasov, Semyon"]
[Result "1/2-1/2"]
[WhiteElo "2549"]
[BlackElo "2553"]
[Annotator "RC"]
[PlyCount "80"]
[EventDate "2019.11.19"]
[EventType "tourn"]
[EventCountry "ISL"]
[SourceTitle "playchess.com"]
[Source "ChessBase"]
[SourceQuality "1"]
[TimeControl "40/5400+30:900+30"]

1. Nf3 {[%emt 1:30:30]} Nf6 {[%emt 0:00:00]} 2. c4 {[%emt 0:00:00]} e6 {[%emt 0:00:00]} 3. Nc3 {[%emt 0:00:00]} Bb4 {[%emt 0:00:00]} 4. Qc2 {[%emt 0:00:00]} O-O {[%emt 0:00:00]} 5. a3 {[%emt 0:00:00]} Bxc3 {[%emt 0:00:02]} 6. Qxc3 {[%emt 0:00:00]} d6 {[%emt 0:00:05]} 7. b4 {[%emt 0:00:00]} e5 {[%emt 0:00:07]} 8. Bb2 {[%emt 0:00:00]} c5 {[%emt 0:00:26]} 9. d3 {[%emt 0:00:00]} b5 {[%emt 0:00:57]} 10. cxb5 {[%emt 0:00:00]} cxb4 {[%emt 0:00:22]} 11. axb4 {[%emt 0:00:00]} Bd7 {[%emt 0:00:38]} 12. e4 {[%emt 0:00:00]} Bxb5 {[%emt 0:03:01]} 13. Be2 {[%emt 0:00:00]} Nc6 {[%emt 0:16:45]} 14. O-O {[%emt 0:00:00]} Rc8 {[%emt 0:09:44]} 15. Qd2 {[%emt 0:00:00]} Re8 {[%emt 0:01:56]} 16. Rac1 {[%emt 0:00:00]} a6 {[%emt 0:14:25]} 17. Rfe1 {[%emt 0:00:00]} d5 {[%emt 0:06:23]} 18. Bf1 {[%emt 0:00:00]} dxe4 {[%emt 0:28:18]} 19. dxe4 {[%emt 0:00:00]} Qxd2 {[%emt 0:00:35]} 20. Nxd2 {[%emt 0:00:00]} Bxf1 {[%emt 0:00:12]} 21. Rxf1 {[%emt 0:00:00]} Rcd8 {[%emt 0:05:27]} 22. Bc3 {[%emt 0:00:00]} Nd4 {[%emt 0:02:10]} 23. Rfe1 {[%emt 0:00:00]} Nb5 {[%emt 0:00:13]} 24. Nf3 {[%emt 0:00:00]} Nxc3 {[%emt 0:01:32]} 25. Rxc3 {[%emt 0:00:00]} Rb8 {[%emt 0:00:08]} 26. Rc4 {[%emt 0:00:00]} h6 {[%emt 0:02:19]} 27. Kf1 {[%emt 0:00:00]} Rb5 {[%emt 0:01:22]} 28. Ra1 {[%emt 0:00:06]} Reb8 {[%emt 0:00:26]} 29. Ra4 {[%emt 0:00:39]} Nd7 {[%emt 0:02:47]} 30. Rc7 {[%emt 0:03:42]} Nf6 {[%emt 0:00:11]} 31. Rc4 {[%emt 0:02:21]} Nd7 {[%emt 0:00:31]} 32. Rxa6 {[%emt 0:02:47]} Rxb4 {[%emt 0:00:04]} 33. Rxb4 {[%emt 0:00:09]} Rxb4 {[%emt 0:00:02]} 34. Ra8+ {[%emt 0:00:06]} Kh7 {[%emt 0:00:06]} 35. Ra7 {[%emt 0:00:07]} Nc5 {[%emt 0:00:17]} 36. Rxf7 {[%emt 0:00:43]} Rxe4 {[%emt 0:00:10]} 37. Rc7 {[%emt 0:02:11]} Nd3 {[%emt 0:00:50]} 38. Rc3 {[%emt 0:00:22]} Nf4 {[%emt 0:00:55]} 39. g3 {[%emt 0:01:01]} Ne6 {[%emt 0:00:18]} 40. Rd3 {[%emt 0:00:00]} Kg6 {[%emt 0:00:00]} 1/2-1/2

[Event "Selfoss Chess Festival 2019"]
[Site "Selfoss"]
[Date "2019.11.21"]
[Round "3.5"]
[White "Leitao, Rafael"]
[Black "Khademalsharieh, Sarasadat"]
[Result "1-0"]
[WhiteElo "2606"]
[BlackElo "2491"]
[Annotator "TA"]
[PlyCount "57"]
[EventDate "2019.11.19"]
[EventType "tourn"]
[EventCountry "ISL"]
[SourceTitle "playchess.com"]
[Source "ChessBase"]
[SourceQuality "1"]

{[%evp 16,57,12,16,11,18,33,30,29,28,44,0,0,-8,0,-10,0,-2,0,0,9,0,4,0,15,0,0,0,41,53,43,51,47,37,23,45,23,0,41,31,363,356,304,322]} 1. c4 Nf6 2. Nc3 e6 3. e4 d5 4. e5 d4 5. exf6 dxc3 6. bxc3 Qxf6 7. Nf3 b6 8. d4 Bb7 9. Bd3 {With the idea Bg5.} h6 {A18: English Opening: Flohr-Mikenas System (1 c4 Nf6 2 Nc3 e6 3 e4)} (9... Bxf3 10. gxf3 Nd7 11. Be4 Rd8 12. h4 h6 13. Qa4 Bd6 14. Qxa7 e5 15. Be3 exd4 16. cxd4 O-O 17. Rd1 {½-½ (61) Fedoseev,V (2664)-Harikrishna,P (2746) Khanty-Mansiysk 2019}) 10. O-O Nd7 11. Nd2 Bd6 {White has an edge.} 12. Re1 O-O 13. Be4 $146 (13. Ne4 $14 Bxe4 14. Bxe4) ({Predecessor:} 13. Ne4 Bxe4 14. Rxe4 e5 15. Be3 exd4 16. cxd4 Rad8 17. Qh5 {½-½ (36) Iturrizaga Bonelli,E (2637)-Anuj,S (2336) Taleigao 2019}) 13... Bxe4 $11 14. Nxe4 Qf5 15. a4 Nf6 16. f3 Rfd8 17. a5 Rac8 18. Qe2 c5 19. axb6 axb6 20. Nxd6 Rxd6 21. Qe5 Rd7 22. Qxf5 exf5 23. d5 b5 24. cxb5 {[#] Strongly threatening c4.} Nxd5 25. Rd1 $36 {[%mdl 2048] White has some pressure.} c4 26. Rd4 Rc5 27. Ra5 Rb7 $2 {[%mdl 8192] [#]} (27... g5 $14) 28. Ba3 $18 Rcxb5 29. Rxd5 {Accuracy: White = 62%, Black = 39%.} 1-0

[Event "Selfoss Chess Festival 2019"]
[Site "Selfoss"]
[Date "2019.11.22"]
[Round "4.1"]
[White "Gretarsson, Helgi Ass"]
[Black "Khademalsharieh, Sarasadat"]
[Result "1/2-1/2"]
[WhiteElo "2415"]
[BlackElo "2491"]
[Annotator "ChessBase"]
[PlyCount "66"]
[EventDate "2019.11.19"]
[EventCountry "ISL"]
[SourceTitle "playchess.com"]
[Source "ChessBase"]
[SourceQuality "1"]

1. d4 {[%emt 0:00:20]} d5 {[%emt 0:00:19]} 2. c4 {[%emt 0:00:06]} e6 {[%emt 0:00:06]} 3. Nf3 {[%emt 0:00:33]} a6 {[%emt 0:00:15]} 4. cxd5 {[%emt 0:03:08]} exd5 {[%emt 0:00:10]} 5. Nc3 {[%emt 0:00:03]} Nf6 {[%emt 0:00:12]} 6. Bg5 {[%emt 0:00:15]} Be6 {[%emt 0:00:31]} 7. e3 {[%emt 0:08:18]} Nbd7 {[%emt 0:00:42]} 8. Bd3 {[%emt 0:00:15]} Bd6 {[%emt 0:02:04]} 9. Rc1 {[%emt 0:09:33]} c6 {[%emt 0:00:55]} 10. Qc2 {[%emt 0:04:06]} Qb8 {[%emt 0:03:01]} 11. Bh4 {[%emt 0:00:25]} h6 {[%emt 0:06:58]} 12. Bg3 {[%emt 0:01:54]} O-O {[%emt 0:00:25]} 13. Nh4 {[%emt 0:02:57]} Re8 {[%emt 0:06:09]} 14. Nf5 {[%emt 0:00:12]} Bxg3 {[%emt 0:03:59]} 15. hxg3 {[%emt 0:00:08]} Bxf5 {[%emt 0:02:21]} 16. Bxf5 {[%emt 0:00:02]} Qd6 {[%emt 0:00:06]} 17. Kf1 {[%emt 0:04:45]} Nf8 {[%emt 0:02:46]} 18. Na4 {[%emt 0:25:49]} N6d7 {[%emt 0:13:22]} 19. Kg1 {[%emt 0:03:26]} Re7 {[%emt 0:01:25]} 20. Qd1 {[%emt 0:05:56]} Rae8 {[%emt 0:02:50]} 21. Rc3 {[%emt 0:02:30]} Ne6 {[%emt 0:04:18]} 22. Qc2 {[%emt 0:09:23]} Nf6 {[%emt 0:04:52]} 23. Bxe6 {[%emt 0:00:22]} Qxe6 {[%emt 0:03:07]} 24. Nc5 {[%emt 0:00:10]} Qc8 {[%emt 0:00:04]} 25. Rh4 {[%emt 0:02:32]} Ng4 {[%emt 0:12:26]} 26. Nd3 {[%emt 0:08:35]} g6 {[%emt 0:01:35]} 27. Qd1 {[%emt 0:02:45]} h5 {[%emt 0:00:20]} 28. b4 {[%emt 0:02:04]} Kg7 {[%emt 0:04:20]} 29. a4 {[%emt 0:00:16]} Qe6 {[%emt 0:01:56]} 30. Qf3 {[%emt 0:01:17]} Qd7 {[%emt 0:04:24]} 31. Qd1 {[%emt 0:00:26]} Qf5 {[%emt 0:00:58]} 32. Qf3 {[%emt 0:00:13]} Qd7 {[%emt 0:00:05]} 33. Qd1 {[%emt 0:00:03]} Qf5 {[%emt 0:00:05]} 1/2-1/2

[Event "Selfoss Chess Festival 2019"]
[Site "Selfoss"]
[Date "2019.11.22"]
[Round "4.2"]
[White "Lomasov, Semyon"]
[Black "Leitao, Rafael"]
[Result "1-0"]
[WhiteElo "2553"]
[BlackElo "2606"]
[Annotator "TA"]
[PlyCount "113"]
[EventDate "2019.11.19"]
[EventCountry "ISL"]
[SourceTitle "playchess.com"]
[Source "ChessBase"]
[SourceQuality "1"]

{[%evp 17,113,27,26,19,29,21,46,39,41,45,100,92,112,68,80,76,88,84,95,87,77,53,43,51,62,64,63,63,51,38,34,46,100,57,83,75,88,77,83,54,77,82,89,42,39,44,72,74,68,72,71,76,61,77,71,70,69,74,85,85,68,49,46,0,0,0,87,0,76,76,68,69,165,168,179,161,210,212,216,216,209,201,245,245,239,208,371,197,207,200,320,153,152,0,315,320,554,550]} 1. d4 Nf6 2. c4 e6 3. Nf3 b6 4. g3 Bb7 5. Bg2 Bb4+ 6. Bd2 a5 7. O-O O-O 8. Bf4 Be7 9. Nc3 Ne4 10. Nb5 {E16: Queen's Indian: 4 g3 Bb7 5 Bg2 Bb4+} Na6 11. Qc2 Nf6 $146 ({Predecessor:} 11... f5 12. a3 Bf6 13. Rfd1 Qc8 14. d5 d6 15. Be3 Nac5 16. Nfd4 e5 17. Nxf5 Qxf5 18. Bxc5 Nxg3 {0-1 (49) Girya,O (2457)-Lysyj,I (2686) Wroclaw 2014}) 12. a3 {White is slightly better.} d6 13. Rad1 Rc8 {[#]} (13... Be4 $14 14. Qd2 Bb7) 14. Nc3 $1 $16 c5 15. d5 e5 16. Bc1 Rb8 17. e4 Nc7 18. b3 Bc8 19. Ne1 b5 20. Nd3 bxc4 21. bxc4 Nd7 22. Bd2 Nb6 23. Na4 Nxa4 24. Qxa4 Ra8 (24... Bd7 $14 25. Qc2 (25. Qxa5 Rb3 $14) 25... Qc8) 25. Rb1 Bd7 26. Qc2 a4 27. Bc3 Qc8 28. f4 f6 29. Rb6 Rb8 30. Qb2 Rxb6 31. Qxb6 Na8 32. Qa7 Bd8 {White must now prevent ...Bb6.} 33. Rb1 Bb6 34. Rxb6 Nxb6 35. Qxb6 Qb8 {[#]} 36. Qb2 $1 Qxb2 $1 37. Bxb2 {[%cal Rf4e5]} ({Stronger than} 37. Nxb2 Rb8 $17) 37... Rb8 38. Kf2 {[%cal Rf4e5]} Bc8 39. Ke3 {[%cal Rf4e5]} Ba6 40. Kd2 Bxc4 41. Bc1 Rb3 (41... Bxd3 $11 42. Kxd3 Rb3+ 43. Kc2 Kf7) 42. Ne1 (42. Nb2 $16 Rxa3 43. Nxc4 Ra2+ 44. Kd3 (44. Bb2 $2 Rxb2+ {[%mdl 64] Deflection, Promotion} 45. Nxb2 a3 $19) 44... Rxg2 45. Nxd6 exf4 46. gxf4) 42... Bb5 (42... exf4 $1 $11 {remains equal.} 43. gxf4 Kf8) 43. fxe5 fxe5 44. Bf3 c4 (44... Bd7 $14) 45. Bd1 $18 c3+ 46. Kc2 Bf1 47. Bg4 Bb5 48. Ng2 g6 49. Ne3 Kg7 50. Nd1 h5 51. Bh3 Bc4 $2 (51... Kf6 52. Nxc3 g5 53. Nxb5 Rxb5) 52. Nxc3 (52. Bd7 $142) 52... Rb7 53. Be3 Bb3+ (53... Kf8 {might work better.} 54. Bc8 Rc7) 54. Kd2 (54. Kd3 $18 {and White stays clearly on top.}) 54... Bc4 $16 55. Kc2 $2 (55. Nxa4 $16 {aiming for Nb6.} Rb3 56. Bg5) 55... Rb3 $2 {[%mdl 8192]} (55... Bb3+ $1 $11 56. Kd3 Kf6) 56. Bd7 $18 Rb7 $2 (56... Rxa3 {was worth a try.} 57. Bxa4 Ra1) 57. Bxa4 {Accuracy: White = 54%, Black = 53%.} 1-0

[Event "Selfoss Chess Festival 2019"]
[Site "Selfoss"]
[Date "2019.11.22"]
[Round "4.3"]
[White "Antipov, Mikhail Al."]
[Black "Steingrimsson, Hedinn"]
[Result "1/2-1/2"]
[WhiteElo "2558"]
[BlackElo "2549"]
[Annotator "ChessBase"]
[PlyCount "40"]
[EventDate "2019.11.19"]
[EventCountry "ISL"]
[SourceTitle "playchess.com"]
[Source "ChessBase"]
[SourceQuality "1"]

1. e4 {[%emt 0:00:01]} e5 {[%emt 0:04:58]} 2. Nf3 {[%emt 0:00:06]} Nc6 {[%emt 0:00:03]} 3. Bc4 {[%emt 0:00:10]} Bc5 {[%emt 0:01:17]} 4. O-O {[%emt 0:00:08]} Nf6 {[%emt 0:00:02]} 5. d3 {[%emt 0:00:09]} d6 {[%emt 0:01:01]} 6. c3 {[%emt 0:00:10]} a6 {[%emt 0:00:09]} 7. a4 {[%emt 0:00:10]} Ba7 {[%emt 0:00:03]} 8. Re1 {[%emt 0:01:26]} O-O {[%emt 0:01:11]} 9. h3 {[%emt 0:01:00]} Kh8 {[%emt 0:04:08]} 10. a5 {[%emt 0:06:35]} Be6 {[%emt 0:13:39]} 11. Bxe6 {[%emt 0:04:37]} fxe6 {[%emt 0:00:02]} 12. Be3 {[%emt 0:00:16]} Bxe3 {[%emt 0:03:50]} 13. Rxe3 {[%emt 0:00:07]} d5 {[%emt 0:11:00]} 14. Nbd2 {[%emt 0:09:15]} d4 {[%emt 0:04:42]} 15. cxd4 {[%emt 0:00:13]} exd4 {[%emt 0:00:20]} 16. Re1 {[%emt 0:00:47]} e5 {[%emt 0:02:15]} 17. Qb3 {[%emt 0:14:42]} Rb8 {[%emt 0:00:17]} 18. Rec1 {[%emt 0:00:11]} Nd7 {[%emt 0:06:18]} 19. Rc4 {[%emt 0:10:01]} Rf6 {[%emt 0:04:10]} 20. Nh2 {[%emt 0:19:18]} Na7 {[%emt 0:04:01]} 1/2-1/2

[Event "Selfoss Chess Festival 2019"]
[Site "Selfoss"]
[Date "2019.11.22"]
[Round "4.4"]
[White "Adly, Ahmed"]
[Black "Zhigalko, Sergei"]
[Result "1-0"]
[WhiteElo "2607"]
[BlackElo "2574"]
[Annotator "TA"]
[PlyCount "74"]
[EventDate "2019.11.19"]
[EventCountry "ISL"]
[SourceTitle "playchess.com"]
[Source "ChessBase"]
[SourceQuality "1"]

{[%evp 19,74,28,28,9,13,-25,-14,-20,22,0,0,0,4,0,0,-57,0,0,-19,-45,-11,-56,-35,-36,-7,-42,0,-199,-200,-288,-264,-368,-273,-267,-202,-383,-268,-271,-166,-161,-160,-160,-175,-176,-175,-164,-165,-179,-193,-180,-166,-162,-166,-216,-215,-209,-24]} 1. d4 Nf6 2. c4 e6 3. g3 c5 4. d5 exd5 5. cxd5 d6 6. Nc3 g6 7. Bg2 Bg7 8. Nf3 O-O 9. O-O Nbd7 10. Bf4 Qe7 11. e4 {A62: Modern Benoni: Fianchetto Variation without early ...Nbd7} (11. Re1 Nh5 12. Bg5 f6 13. Bd2 f5 14. Bg5 Ndf6 15. e4 fxe4 16. Nxe4 Qc7 17. Bxf6 Nxf6 18. Neg5 Qb6 {½-½ (29) Vallejo Pons,F (2711)-Ponomariov,R (2709) Tallinn 2016}) 11... Ng4 12. h3 Nge5 13. Nd2 {The position is equal.} a6 14. a4 Nd3 $146 ({Predecessor:} 14... Rb8 15. Qe2 Nf6 16. Be3 Re8 17. f4 Ned7 18. Bf2 b5 19. axb5 axb5 {1-0 (45) Stupak,K (2535)-Budnikov,O (2376) Lvov 2016}) 15. Be3 Rb8 (15... Nxb2 $6 16. Qc2 $16) 16. Qb1 Nb4 $1 17. Re1 (17. Na2 $11) 17... b5 18. axb5 axb5 19. Bf1 c4 20. f4 Qd8 21. Nf3 Re8 22. Bf2 Ba6 23. e5 $2 (23. Na2 $11 Nxa2 24. Rxa2 (24. Qxa2 Bb7 $11)) 23... dxe5 $19 24. f5 (24. Qd1 {was called for.}) 24... Bb7 25. Rd1 Nf6 26. Ng5 Nfxd5 27. Nxf7 $2 (27. h4) 27... Qf6 {aiming for ...Nxc3.} 28. Nxb5 Qxf7 29. Nd6 {Black is clearly better.} Qc7 30. Nxe8 Rxe8 31. Qe4 gxf5 32. Qxc4 {[#]} Rc8 $1 33. Ra7 {Qb5 is the strong threat.} Qxc4 34. Bxc4 Rxc4 35. Rxb7 {[#]} e4 $1 36. Rb5 e3 ({Don't take} 36... Bxb2 37. Rdxd5 Nxd5 38. Rxd5 $17) 37. Be1 f4 $2 {[%mdl 32768] Accuracy: White = 38%, Black = 54%. . Loss on time!?} ({But not} 37... Bxb2 38. Bxb4 Nxb4 39. Rd7 $17) (37... Bf8 $19 38. Kg2 Bc5) 1-0

[Event "Selfoss Chess Festival 2019"]
[Site "Selfoss"]
[Date "2019.11.22"]
[Round "4.5"]
[White "Saduakassova, Dinara"]
[Black "Stefansson, Hannes"]
[Result "1/2-1/2"]
[WhiteElo "2505"]
[BlackElo "2546"]
[Annotator "ChessBase"]
[PlyCount "42"]
[EventDate "2019.11.19"]
[EventCountry "ISL"]
[SourceTitle "playchess.com"]
[Source "ChessBase"]
[SourceQuality "1"]

1. d4 {[%emt 0:00:04]} Nf6 {[%emt 0:00:12]} 2. c4 {[%emt 0:00:03]} e6 {[%emt 0:00:13]} 3. Nf3 {[%emt 0:00:04]} d5 {[%emt 0:00:59]} 4. g3 {[%emt 0:00:08]} Be7 {[%emt 0:00:25]} 5. Bg2 {[%emt 0:00:05]} O-O {[%emt 0:00:26]} 6. O-O {[%emt 0:00:04]} dxc4 {[%emt 0:00:32]} 7. Qc2 {[%emt 0:00:13]} c6 {[%emt 0:00:50]} 8. Qxc4 {[%emt 0:06:20]} b5 {[%emt 0:00:15]} 9. Qc2 {[%emt 0:00:36]} Bb7 {[%emt 0:00:31]} 10. Nbd2 {[%emt 0:06:19]} c5 {[%emt 0:01:25]} 11. dxc5 {[%emt 0:08:23]} Na6 {[%emt 0:00:28]} 12. Nb3 {[%emt 0:00:11]} Be4 {[%emt 0:00:47]} 13. Qd2 {[%emt 0:01:54]} Nxc5 {[%emt 0:05:03]} 14. Qxd8 {[%emt 0:02:56]} Rfxd8 {[%emt 0:00:22]} 15. Nfd4 {[%emt 0:09:23]} Bxg2 {[%emt 0:04:40]} 16. Kxg2 {[%emt 0:00:04]} Nxb3 {[%emt 0:00:26]} 17. Nxb3 {[%emt 0:00:03]} Rac8 {[%emt 0:01:47]} 18. Be3 {[%emt 0:02:34]} a6 {[%emt 0:07:36]} 19. Bb6 {[%emt 0:04:40]} Re8 {[%emt 0:00:46]} 20. Rac1 {[%emt 0:01:10]} Nd5 {[%emt 0:08:10]} 21. Bd4 {[%emt 0:09:23]} Nb4 {[%emt 0:01:20]} 1/2-1/2